[Event "6Ã¨me LUC open"]
[Site "Lille"]
[Date "2015-05-08"]
[Round "7.39"]
[White "TUPET, Guillaume"]
[Black "ALLEMAND, Christian"]
[Result "1-0"]
[WhiteElo "1931"]
[BlackElo "1779"]

1. d4 Nf6 2. c4 c5 3. d5 b5 4. cxb5 a6 5. bxa6 Bxa6 6. Nc3 d6 7. Nf3 g6 8. e4
Bxf1 9. Kxf1 Bg7 10. g3 O-O 11. Kg2 Nbd7 12. Re1 Ra6 13. h3 Qa8 14. e5 dxe5 15.
Kh2 Qb8 16. Qe2 Rd6 17. Rd1 Qb7 18. Be3 Ne8 19. Ng5 Nef6 20. Rac1 Rc8 21. Rd2
Nxd5 22. Qf3 N7f6 23. Rcd1 e6 24. Nce4 Nxe4 25. Qxe4 Rb6 26. Qh4 h6 27. Ne4
Nxe3 28. Rd8+ Rxd8 29. Rxd8+ Kh7 30. Ng5# 1-0

*

[Event "6Ã¨me LUC open"]
[Site "Lille"]
[Date "2015-05-08"]
[Round "7.40"]
[White "NOLLET, Fabrice"]
[Black "COTTEGNIE, Francis"]
[Result "0-1"]
[WhiteElo "1694"]
[BlackElo "1904"]

1. b4 d5 2. Bb2 Nf6 3. Nf3 Bg4 4. e3 Nbd7 5. Be2 e6 6. a3 Bd6 7. O-O O-O 8. d4
Ne4 9. Ne5 Bf5 10. c4 dxc4 11. f3 Nef6 12. e4 Nxe4 13. fxe4 Bxe4 14. Bf3 Bd5
15. Qe1 c6 16. Nc3 Nf6 17. Bc1 a5 18. bxa5 Rxa5 19. Ne4 Nxe4 20. Bxe4 Qb6 21.
Kh1 Qxd4 22. Bxd5 Rxd5 23. Bf4 Bxe5 24. Bxe5 Qxe5 1-0

*

[Event "6Ã¨me LUC open"]
[Site "Lille"]
[Date "2015-05-08"]
[Round "7.41"]
[White "JENNY, Gerald"]
[Black "VERSCHRAEGEN, Thomas"]
[Result "1-0"]
[WhiteElo "1882"]
[BlackElo "1752"]

1. d4 Nf6 2. c4 c5 3. d5 b5 4. Qc2 bxc4 5. e4 d6 6. Bxc4 g6 7. Nf3 Bg7 8. O-O
O-O 9. Re1 Bg4 10. Nbd2 Nbd7 11. h3 Bxf3 12. Nxf3 Nb6 13. Ba6 Qc7 14. Bf4 Rab8
15. Rad1 Nfd7 16. b3 Rfd8 17. Nd4 Bxd4 18. Rxd4 Na8 19. Rd2 Rb4 20. Bh6 Qa5 21.
Bc4 f6 22. f4 Nc7 23. e5 Nb5 24. Bxb5 Qxb5 25. exd6 exd6 26. Re7 c4 27. Qe4 Nf8
28. Bxf8 Rxf8 29. Qe6+ Kh8 30. Rd7 cxb3 31. Qe7 Qxd7 32. Qxf8# 1-0

*

[Event "6Ã¨me LUC open"]
[Site "Lille"]
[Date "2015-05-08"]
[Round "7.47"]
[White "FLOU, Ronald"]
[Black "WAMBERGUE, Maurice"]
[Result "0-1"]
[WhiteElo "1603"]
[BlackElo "1871"]

1. e4 e6 2. d4 d5 3. e5 c5 4. c3 Nc6 5. Be3 Qb6 6. Qd2 Bd7 7. h3 f6 8. f4 Rc8
9. a3 cxd4 10. cxd4 Na5 11. Qf2 Qb3 12. Nc3 Rxc3 0-1

*

[Event "6Ã¨me LUC open"]
[Site "Lille"]
[Date "2015-05-08"]
[Round "7.51"]
[White "RICOU, Guillaume"]
[Black "DE WEIRD, Evy"]
[Result "1/2-1/2"]
[WhiteElo "1460"]
[BlackElo "1730"]

1. e4 c5 2. c3 Nf6 3. e5 Nd5 4. d4 cxd4 5. cxd4 Nc6 6. Nf3 d6 7. exd6 Qxd6 8.
Bc4 Nb6 9. Bb3 Bg4 10. O-O e6 11. Nc3 Be7 12. Nb5 Qd7 13. Bf4 O-O 14. a3 a6 15.
Nc3 Bxf3 16. Qxf3 Nxd4 17. Qd1 Nc6 18. Qg4 e5 19. Qxd7 Nxd7 20. Bg3 Nf6 21.
Rfe1 Bd6 22. Rad1 Bc7 1/2-1/2

*

[Event "6Ã¨me LUC open"]
[Site "Lille"]
[Date "2015-05-08"]
[Round "7.58"]
[White "DESBOIS, Jean-Marie"]
[Black "RYS, Ludovic"]
[Result "1-0"]
[WhiteElo "1609"]
[BlackElo "1493"]

1. e4 d6 2. f4 Nf6 3. Nc3 c6 4. Nf3 Qb6 5. Bc4 Nxe4 6. Bxf7+ Kxf7 7. Nxe4 h6 8.
d4 Bg4 9. O-O Bxf3 10. Rxf3 Ke8 11. Rb3 Qc7 12. Qh5+ Kd7 13. f5 Qa5 14. c3 b5
15. Bf4 Kd8 16. Qh4 Kc8 17. f6 exf6 18. Qh3+ Kc7 19. Nc5 Qb6 20. Re1 g5 21. Re8
Qxc5 22. Qc8+ Kb6 23. dxc5+ Kxc5 24. Be3+ Kc4 25. Qg4+ Kd3 26. Qd1+ Kc4 27.
Rb4# 1-0

*

[Event "6Ã¨me LUC open"]
[Site "Lille"]
[Date "2015-05-08"]
[Round "7.60"]
[White "FEY, Werner"]
[Black "CHACHIACHVILI, Salome"]
[Result "1-0"]
[WhiteElo "1571"]
[BlackElo "1192"]

1. e4 e5 2. Nf3 Nc6 3. Bb5 a6 4. Ba4 b5 5. Bb3 Nf6 6. O-O Bc5 7. c3 d6 8. d4
exd4 9. cxd4 Bb6 10. h3 O-O 11. Re1 Re8 12. Ng5 Re7 13. Be3 h6 14. Nxf7 Rxf7
15. Bxf7+ Kxf7 16. d5 Bxe3 17. Rxe3 Ne5 18. Nd2 Nh5 19. Qxh5+ Kg8 20. Rg3 Qf6
21. Rf1 Qf4 22. Qe2 Bd7 23. Rc1 Rc8 24. Rgc3 Qg5 25. Nf3 Qh5 26. Nd4 Qg6 27.
Kh2 Qf6 28. Nf3 Qf4+ 29. g3 Qf6 30. Nxe5 Qxe5 31. Rxc7 Rd8 32. Rd1 Be8 33. Rd2
Bg6 34. f3 Bh5 35. Qe3 Rf8 36. f4 Qe8 37. Qd4 Rf6 38. Rdc2 Qf8 39. Rc8 Be8 40.
Re2 Kh7 41. e5 Rf7 42. exd6 Qxd6 43. Rexe8 Rf5 44. Rh8+ Kg6 45. Rc6 Rf6 46.
Qe4+ Kf7 47. Qe8# 1-0

*

[Event "6Ã¨me LUC open"]
[Site "Lille"]
[Date "2015-05-08"]
[Round "7.63"]
[White "CHACHIACHVILI, Loma"]
[Black "LECLERCQ, Olivier"]
[Result "1-0"]
[WhiteElo "1420"]
[BlackElo "1545"]

1. e4 e5 2. Nf3 Nc6 3. Bc4 Be7 4. Nc3 Nf6 5. d3 d6 6. h3 O-O 7. O-O Na5 8. Bb3
Nxb3 9. axb3 c6 10. d4 exd4 11. Qxd4 a6 12. Be3 Nd7 13. Rfd1 Qc7 14. Bf4 h6 15.
Bxd6 Bxd6 16. Qxd6 Qxd6 17. Rxd6 Nb6 18. Na4 Nxa4 19. bxa4 Be6 20. b3 g6 21.
Rad1 c5 22. Ne5 b5 23. axb5 axb5 24. Nd7 Bxd7 25. Rxd7 Ra2 26. Rc1 1-0

*

[Event "6Ã¨me LUC open"]
[Site "Lille"]
[Date "2015-05-08"]
[Round "7.66"]
[White "DESCATOIRE, Raymond"]
[Black "VAN FOREEST, Machteld"]
[Result "0-1"]
[WhiteElo "1012"]
[BlackElo "1420"]

1. e4 e5 2. Nf3 Nc6 3. Bc4 Bc5 4. O-O d6 5. d3 Bg4 6. Bxf7+ Kf8 7. Bd5 Qf6 8.
Bg5 Bxf3 9. Bxf6 Bxd1 10. Rxd1 Nxf6 11. Nc3 a6 12. h3 Bd4 13. Rab1 Ke7 14. g4
Rhf8 15. Kg2 Kd7 16. f3 Bc5 17. a3 Rab8 18. b4 Bb6 19. Ne2 Nxd5 20. exd5 Nd4
21. Rd2 Nxf3 22. Rdd1 Nh4+ 23. Kg3 Bf2+ 24. Kh2 Be3 25. Rf1 Nf3+ 26. Rxf3 Rxf3
27. Ng1 Rf2+ 28. Kg3 Rbf8 29. h4 Rxc2 30. Nf3 {partie illisible} 0-1

*

[Event "6Ã¨me LUC open"]
[Site "Lille"]
[Date "2015-05-08"]
[Round "7.70"]
[White "KOPEREC, Mathis"]
[Black "LARTIGOT, Gerard"]
[Result "1-0"]
[WhiteElo "1009"]
[BlackElo "1150"]

1. d4 d5 2. c4 Nf6 3. Nc3 Bf5 4. Bg5 Qd6 5. Nf3 h6 6. Bxf6 Qxf6 7. Nxd5 Qd6 8.
Ne5 e6 9. Nc3 Nc6 10. Nb5 Qe7 11. e3 Nxe5 12. dxe5 Rd8 13. Qa4 Qb4+ 14. Nc3+
Qxa4 15. Nxa4 Bb4+ 16. Ke2 Bd3+ 17. Kf3 O-O 18. Rd1 Be4+ 19. Ke2 Rxd1 20. Kxd1
Rd8+ 21. Ke2 Bc6 22. Nc3 Bxc3 23. bxc3 Ba4 24. Kf3 Rd1 25. g3 Ra1 26. Kg2 c5
27. Bd3 Rxa2 28. Rb1 b6 29. Re1 Bc6+ 30. Kh3 Bf3 31. g4 Rd2 32. Bb1 Rxf2 33.
Kg3 Rg2+ 34. Kxf3 Rxh2 35. Re2 Rh1 36. Bc2 Rh3+ 37. Kg2 Rh4 38. Rd2 Rxg4+ 39.
Kf3 h5 40. Rd8# 1-0

*

[Event "6Ã¨me LUC open"]
[Site "Lille"]
[Date "2015-05-08"]
[Round "6.4"]
[White "SHIRAZI, Kamran"]
[Black "MAIOROV, Nikita"]
[Result "1-0"]
[WhiteElo "2385"]
[BlackElo "2563"]

1. Nf3 Nf6 2. g3 d5 3. Bg2 Bf5 4. Nh4 Bd7 5. c4 e6 6. Nc3 c6 7. d3 Be7 8. e4
dxe4 9. dxe4 e5 10. Nf5 Bxf5 11. exf5 Qxd1+ 12. Kxd1 Na6 13. a3 O-O-O+ 14. Kc2
Bc5 15. Rf1 Bd4 16. Bg5 Nc5 17. Bxf6 gxf6 18. b4 Nd7 19. Rad1 Bxc3 20. Kxc3 Kc7
21. c5 Nb8 22. Bf3 Rd7 23. Rxd7+ Kxd7 24. Rd1+ Ke7 25. Bh5 Rf8 26. Kc4 Rg8 27.
Bf3 Rc8 28. a4 Nd7 29. a5 Rc7 30. Kc3 Nb8 31. Be2 Nd7 32. Bc4 a6 33. Re1 Rc8
34. Re4 Rg8 35. Rh4 Rh8 36. Kd3 Kf8 37. Ke3 Kg7 38. Rg4+ Kf8 39. Be2 Rg8 40.
Rh4 Kg7 41. Rg4+ Kf8 42. Rc4 Ke7 43. Bf1 Rd8 44. Rg4 Kf8 45. Bc4 h6 46. Be2 Rc8
47. Rh4 Kg7 48. Rc4 Rd8 49. Rc1 Nf8 50. Rd1 Rxd1 51. Bxd1 Nd7 52. Be2 Nf8 53.
Ke4 Nh7 54. h4 Kf8 55. Kf3 Kg7 56. b5 Kf8 57. b6 Ke7 58. Bc4 Kd8 59. Bxf7 Nf8
60. Be6 Nxe6 61. fxe6 Ke7 62. Ke4 Kxe6 63. g4 h5 64. f3 hxg4 65. fxg4 Kf7 66.
Kf5 Kg7 67. g5 fxg5 68. hxg5 1-0

*

[Event "6Ã¨me LUC open"]
[Site "Lille"]
[Date "2015-05-08"]
[Round "6.11"]
[White "BANNINK, Bernard"]
[Black "NAUMKIN, Igor"]
[Result "0-1"]
[WhiteElo "2267"]
[BlackElo "2445"]

1. d4 e6 2. e4 d5 3. Nd2 a6 4. Ngf3 c5 5. c3 cxd4 6. Nxd4 Nc6 7. exd5 exd5 8.
N2f3 Nf6 9. Bd3 Be7 10. h3 O-O 11. O-O Ne4 12. Re1 f5 13. Nxc6 bxc6 14. Nd4 Qd6
15. f3 Qg3 16. Rf1 Bd6 17. f4 Bd7 18. Qf3 Qg6 19. Be3 c5 20. Ne2 a5 21. Bxe4
fxe4 22. Qf2 Bxh3 23. Rad1 d4 24. cxd4 cxd4 25. Rxd4 Bg4 26. Rd5 Be7 27. Nc3
Bf3 28. f5 Qg4 29. Kh2 Qh5+ 30. Kg1 Bh4 31. Qd2 Qg4 32. Kh1 Qh3+ 33. Kg1 Bxg2
34. Qxg2 Qxe3+ 35. Kh1 Rae8 36. Rg1 Bf6 37. Qg3 Qa7 38. Re1 Qb7 39. Rb5 Qc6 40.
Rb3 Be5 41. Qg4 Qh6+ 42. Kg2 Qh2+ 43. Kf1 Bg3 44. Nxe4 Qh1+ 0-1

*

[Event "6Ã¨me LUC open"]
[Site "Lille"]
[Date "2015-05-08"]
[Round "6.12"]
[White "WEILL, Roland"]
[Black "DOURERASSOU, Jonathan"]
[Result "0-1"]
[WhiteElo "2151"]
[BlackElo "2414"]

1. e4 c5 2. Nf3 d6 3. c3 Nf6 4. Bc4 e6 5. Qe2 Be7 6. Bb3 O-O 7. O-O b6 8. Rd1
Ba6 9. d3 Nc6 10. Nbd2 Qc7 11. Nf1 Rad8 12. Ng3 Ne5 13. Bg5 Rfe8 14. Nxe5 dxe5
15. a4 Nd7 16. Bc4 Bb7 17. Bxe7 Rxe7 18. Nf1 Nf8 19. Ne3 Ng6 20. g3 a6 21. h4
h6 22. Qh5 Kh7 23. Kh2 Qc6 24. Qe2 f5 25. Bxe6 Qxe6 26. exf5 Nf4 27. Qg4 Qc6
28. gxf4 exf4 29. Qg6+ Qxg6 30. fxg6+ Kxg6 31. Nc4 Re2 32. Kg1 b5 33. Kf1 Re6
34. axb5 axb5 35. Na5 Bf3 36. Re1 Rxe1+ 37. Rxe1 Rxd3 38. Nb3 Rd5 39. Kg1 Kh5
40. Kh2 Kxh4 41. Re7 Rd1 0-1

*

[Event "6Ã¨me LUC open"]
[Site "Lille"]
[Date "2015-05-08"]
[Round "6.13"]
[White "BIANCHI, Guillaume"]
[Black "LE, Quang Long"]
[Result "0-1"]
[WhiteElo "2150"]
[BlackElo "2405"]

1. d4 f5 2. g3 Nf6 3. Bg2 g6 4. Nf3 Bg7 5. c4 d6 6. O-O O-O 7. Nc3 Nc6 8. d5
Na5 9. Qa4 c5 10. dxc6 Nxc6 11. Rd1 Kh8 12. Rb1 Be6 13. Nd5 Bg8 14. Bg5 Ne4 15.
Be3 e6 16. Nb4 Qa5 17. Qxa5 Nxa5 18. Nd4 Nxc4 19. Bc1 a5 20. Nbc2 Rac8 21. f3
Nf6 22. e4 e5 23. Ne2 d5 0-1

*

[Event "6Ã¨me LUC open"]
[Site "Lille"]
[Date "2015-05-08"]
[Round "6.14"]
[White "GRIGORIAN, Roudolph"]
[Black "VAN DER LENDE, Ilias"]
[Result "1-0"]
[WhiteElo "2093"]
[BlackElo "2333"]

1. d4 e6 2. c4 Nf6 3. Nc3 Bb4 4. e3 O-O 5. Nge2 d5 6. a3 Bd6 7. cxd5 exd5 8.
Ng3 c5 9. Nb5 Bxg3 10. hxg3 c4 11. Nc3 a6 12. e4 Nxe4 13. Nxe4 Re8 14. Qh5
Rxe4+ 15. Be2 h6 16. Be3 Qd6 17. Bf3 Rxe3+ 18. fxe3 Qxg3+ 19. Kd2 Be6 20. Raf1
Qg6 21. Qxg6 fxg6 22. e4 dxe4 23. Bxe4 Nc6 24. Kc3 Rd8 25. Rd1 Ne7 26. Bxb7 Rb8
27. Rde1 Nd5+ 28. Kxc4 Nf4+ 29. Rxe6 Rxb7 30. Re4 Rc7+ 31. Kb3 Nd3 32. Rf1 a5
33. Re8+ Kh7 34. Re3 a4+ 35. Kxa4 Nxb2+ 36. Kb5 Nc4 37. Rd3 Nb2 38. Re3 Nc4 39.
Rg3 Nd6+ 40. Kb6 Rc2 41. Ra1 Rd2 42. a4 Nf5 43. Rga3 Nxd4 44. R1a2 Rd1 45. Rb2
Ne6 46. a5 Rd6+ 47. Kb7 Nc5+ 48. Kc7 Rf6 49. Rb6 Rf2 50. g3 h5 51. a6 Nxa6+ 52.
Rbxa6 Kh6 53. Kd6 Kg5 54. Ke5 Re2+ 55. Kd4 Re8 56. R3a5+ Kh6 57. Re5 Rb8 58.
Ree6 Rb4+ 59. Ke3 Rg4 60. Kf3 Rg5 61. Re7 Rf5+ 62. Kg2 Rb5 63. Raa7 Rb2+ 64.
Kh3 g5 65. g4 Rb3+ 66. Kh2 Rb2+ 67. Kg1 Rb1+ 68. Kf2 h4 69. Rxg7 Rb2+ 70. Kf3
Rb3+ 71. Ke4 Rb4+ 72. Ke5 Rb5+ 73. Kd6 Rb4 74. Rge7 Rb6+ 75. Kc5 1-0

*

[Event "6Ã¨me LUC open"]
[Site "Lille"]
[Date "2015-05-08"]
[Round "6.15"]
[White "FREDERIC, Clement"]
[Black "MARTYNOV, Petr"]
[Result "1/2-1/2"]
[WhiteElo "2231"]
[BlackElo "1885"]

1. e4 e6 2. d4 d5 3. e5 c5 4. c3 Qb6 5. Nf3 Nc6 6. a3 c4 7. Nbd2 Na5 8. g3 Bd7
9. h4 O-O-O 10. Bh3 Ne7 11. O-O h6 12. Rb1 Qc7 13. Nh2 Kb8 14. Qf3 Be8 15. Re1
Nc8 16. Ng4 Ba4 17. Ne3 Qe7 18. Qe2 g5 19. h5 Bg7 20. Nf3 Rdf8 21. Ng4 Nb3 22.
Nfh2 Nxc1 23. Rbxc1 Nb6 24. Rf1 Nd7 25. Kg2 Re8 26. f4 gxf4 27. Rxf4 Qg5 28.
Rcf1 Qxh5 29. Rxf7 Qg6 30. R7f4 Bc2 31. R1f2 Be4+ 32. Rxe4 dxe4 33. Rf4 h5 34.
Nf2 Bh6 35. Rxe4 Rhg8 36. Nf1 Nb6 37. Rh4 Nd5 38. Kh2 Bf4 39. Nh1 Ref8 40. Bg2
Bg5 41. Rxh5 Rh8 42. Rxh8 Rxh8+ 43. Kg1 Qh6 44. Bxd5 exd5 45. Nf2 Qb6 46. Nd1
1/2-1/2

*

[Event "6Ã¨me LUC open"]
[Site "Lille"]
[Date "2015-05-08"]
[Round "6.16"]
[White "CADERON, Michel"]
[Black "STRIKOVIC, Aleksa"]
[Result "0-1"]
[WhiteElo "1999"]
[BlackElo "2526"]

1. e4 c5 2. Nf3 e6 3. d4 cxd4 4. Nxd4 a6 5. Bd3 Nf6 6. O-O Qc7 7. Qe2 d6 8. c4
g6 9. Nc3 Bg7 10. Be3 O-O 11. Rac1 b6 12. f3 Bb7 13. Rfd1 Nbd7 14. b3 Rac8 15.
Qf2 Qb8 16. Bf1 Rfe8 17. g4 h6 18. h4 Nh7 19. g5 hxg5 20. hxg5 Rc5 21. Nde2
Nxg5 22. Bxc5 bxc5 23. Qg3 Bh6 24. Rc2 Nf6 25. Bg2 e5 26. Rcd2 Nh5 27. Qg4 Ne6
28. Rxd6 Be3+ 29. Kf1 Bd4 30. Rb6 Qc7 31. Na4 Kg7 32. b4 Bc8 33. Qh4 Rh8 34.
Qe1 Nhf4 35. bxc5 Nxe2 36. Kxe2 Nf4+ 37. Kf1 Rh1+ 38. Bxh1 Bh3+ 39. Bg2 Bxg2#
0-1

*

[Event "6Ã¨me LUC open"]
[Site "Lille"]
[Date "2015-05-08"]
[Round "6.17"]
[White "STAS, Arnould"]
[Black "VAN FOREEST, Jorden"]
[Result "0-1"]
[WhiteElo "1967"]
[BlackElo "2519"]

1. e4 e5 2. Nf3 Nc6 3. Bb5 g6 4. c3 d6 5. O-O Bg7 6. Re1 Bd7 7. d4 Nf6 8. d5
Ne7 9. Bxd7+ Qxd7 10. c4 O-O 11. Nc3 h6 12. Bd2 Nh5 13. Rc1 f5 14. b4 Rf7 15.
exf5 Nxf5 16. Ne4 Raf8 17. Be3 Nxe3 18. Rxe3 Nf4 19. c5 dxc5 20. bxc5 Nxd5 21.
c6 bxc6 22. Nc5 Qg4 23. Re4 Nf4 24. Qf1 Qh5 25. Nd3 Nxd3 26. Qxd3 Rxf3 27. gxf3
Qg5+ 28. Rg4 Qxc1+ 29. Kg2 g5 0-1

*

[Event "6Ã¨me LUC open"]
[Site "Lille"]
[Date "2015-05-08"]
[Round "6.18"]
[White "MARIE, Maxime"]
[Black "INOUSS, Badr"]
[Result "0-1"]
[WhiteElo "2228"]
[BlackElo "2000"]

1. Nf3 Nf6 2. b3 d5 3. Bb2 Bf5 4. g3 e6 5. Bg2 h6 6. O-O Nbd7 7. c4 c6 8. d3
Be7 9. Nbd2 O-O 10. Re1 Nc5 11. b4 Na6 12. a3 Nc7 13. e4 Bg4 14. Qb3 Nd7 15.
Rad1 Bf6 16. d4 Re8 17. h3 Bh5 18. g4 Bg6 19. Ne5 Nf8 20. f4 Bh7 21. Rf1 Ng6
22. Nxf7 Kxf7 23. f5 Nh4 24. fxe6+ Kg8 25. cxd5 cxd5 26. exd5 Nxg2 27. e7 Qxd5
0-1

*

[Event "6Ã¨me LUC open"]
[Site "Lille"]
[Date "2015-05-08"]
[Round "6.19"]
[White "LABADIE, Jean-Jacques"]
[Black "CHKHAIDZE, Nikoloz"]
[Result "0-1"]
[WhiteElo "1958"]
[BlackElo "2226"]

1. d4 Nf6 2. c4 g6 3. Nc3 d5 4. Bg5 Ne4 5. Nxe4 dxe4 6. e3 Bg7 7. c5 Qd5 8. h4
h6 9. Bf4 e5 10. Bxe5 Bxe5 11. dxe5 Qxc5 12. Qd4 Qb6 13. Qc3 Be6 14. Ne2 Nd7
15. Ng3 Nc5 16. b4 Nd3+ 17. Bxd3 exd3 18. Ne4 a5 19. Nf6+ Ke7 20. bxa5 Qxa5 21.
Qxa5 Rxa5 22. f4 Rha8 23. Kd2 Bc4 24. a3 Rxa3 25. Rxa3 Rxa3 26. e4 c5 27. Rc1
b5 28. g4 Ra2+ 29. Kc3 d2 30. Rd1 Be2 31. Nd5+ Kf8 32. Ne3 Bxd1 33. Nxd1 c4 34.
f5 b4+ 0-1

*

[Event "6Ã¨me LUC open"]
[Site "Lille"]
[Date "2015-05-08"]
[Round "6.20"]
[White "LUI, Eric"]
[Black "MAJHI, Ankit"]
[Result "0-1"]
[WhiteElo "1947"]
[BlackElo "2178"]

1. Nf3 Nf6 2. g3 g6 3. Bg2 Bg7 4. O-O O-O 5. d3 d6 6. e4 c5 7. c3 Nc6 8. Re1 e5
9. Na3 Rb8 10. Nc2 d5 11. Bg5 d4 12. cxd4 cxd4 13. Qd2 Qd6 14. Nh4 Ng4 15. Qe2
b5 16. h3 f6 17. Bd2 Nh6 18. Rec1 Bd7 19. Qe1 b4 20. a3 bxa3 21. bxa3 Rfc8 22.
Nb4 Nxb4 23. Bxb4 Qa6 24. Qd1 Nf7 25. Rxc8+ Rxc8 26. Rc1 Bf8 27. Rxc8 Qxc8 28.
Bxf8 Kxf8 29. Qb3 Kg7 30. g4 Qc6 31. Nf3 g5 32. Bf1 a6 33. Kg2 Qc3 34. Qb7 Bb5
35. h4 h6 36. hxg5 hxg5 37. Be2 Qxa3 38. Ne1 Qc3 39. Bd1 Qxe1 40. Bb3 Be8 41.
Qe7 Qb1 42. Bc4 Qb8 43. Bxa6 Qd6 44. Qa7 Qd7 45. Qxd7 Bxd7 46. f3 Nd6 0-1

*

[Event "6Ã¨me LUC open"]
[Site "Lille"]
[Date "2015-05-08"]
[Round "6.29"]
[White "DUMAS, Victor"]
[Black "GRIFFON, Olivier"]
[Result "1-0"]
[WhiteElo "2066"]
[BlackElo "1907"]

1. e4 c5 2. Nf3 Nc6 3. d4 cxd4 4. Nxd4 Nf6 5. Nc3 d6 6. Be2 e5 7. Nb3 h6 8. O-O
Be7 9. Be3 O-O 10. f4 exf4 11. Rxf4 Ne5 12. h3 Be6 13. Nd4 g5 14. Rf2 d5 15.
Nxe6 fxe6 16. exd5 Nxd5 17. Rxf8+ Bxf8 18. Nxd5 Qxd5 19. Qxd5 exd5 20. Rd1 Nc4
21. Bxc4 dxc4 22. Rd7 b6 23. Rc7 Bg7 24. c3 b5 25. Kf2 a6 26. Bd4 Rf8+ 27. Ke3
Rf7 28. Rxf7 Bxd4+ 29. Kxd4 Kxf7 30. Ke5 Kg6 31. g4 a5 32. a3 h5 33. Ke6 hxg4
34. hxg4 1-0

*

[Event "6Ã¨me LUC open"]
[Site "Lille"]
[Date "2015-05-08"]
[Round "6.33"]
[White "COULON, Guillaume"]
[Black "VAN HOOREBEKE, Jimmy"]
[Result "1-0"]
[WhiteElo "2020"]
[BlackElo "1841"]

1. e4 c6 2. Nf3 d5 3. Nc3 dxe4 4. Nxe4 Bg4 5. Bc4 e6 6. h3 Bxf3 7. Qxf3 Nd7 8.
Qb3 Qc7 9. d4 Be7 10. O-O Ngf6 11. Ng5 Nd5 12. Nf3 O-O-O 13. Re1 h6 14. Bf1 Qb6
15. c4 N5f6 16. Qa4 a6 17. Bd2 Rde8 18. b4 Nb8 19. Rab1 Qc7 20. b5 axb5 21.
cxb5 Nd5 22. bxc6 Nxc6 23. Rec1 Kd7 24. Ne5+ 1-0

*

[Event "6Ã¨me LUC open"]
[Site "Lille"]
[Date "2015-05-08"]
[Round "6.40"]
[White "VERSCHRAEGEN, Thomas"]
[Black "MARUEJOLS, Claude"]
[Result "1/2-1/2"]
[WhiteElo "1752"]
[BlackElo "1939"]

1. e4 c5 2. Nf3 d6 3. d4 cxd4 4. Nxd4 Nf6 5. Nc3 a6 6. Bg5 e6 7. f4 Be7 8. Qf3
Qc7 9. O-O-O Nbd7 10. Bd3 b5 11. Rhe1 Bb7 12. Qg3 O-O 13. e5 dxe5 14. fxe5 Nh5
15. Qh4 Bxg5+ 16. Qxg5 g6 17. g4 Ng7 18. Be4 Nxe5 19. Bxb7 f6 20. Qh4 Qxb7 21.
Ne4 g5 22. Nxf6+ Rxf6 23. Qxg5 Nd7 24. Nxe6 Rg6 25. Nd8 Rxg5 26. Nxb7 Nb6 27.
h3 Re8 28. Rf1 Rd5 29. Rxd5 Nxd5 30. Nc5 Nc7 31. Nd7 Rd8 32. Nf6+ Kh8 33. Ne4
Nge6 34. Rf7 Rf8 35. Re7 Rg8 36. Rd7 Rg7 37. Rd6 h6 38. Kd2 Rf7 39. Ke3 Kg7 40.
Ng3 Kh7 41. Nf5 h5 42. Rc6 hxg4 43. hxg4 Rd7 44. Ke4 Kg6 45. c4 b4 46. Ke5 Kg5
47. Nd6 Kxg4 48. a3 bxa3 49. bxa3 Kf3 50. c5 Rh7 51. Nb7 Rh5+ 52. Kd6 Rd5+ 53.
Ke7 Rd3 54. Rxe6 Nxe6 55. Kxe6 Rxa3 56. c6 Rc3 57. Kd6 Rxc6+ 58. Kxc6 1/2-1/2

*

[Event "6Ã¨me LUC open"]
[Site "Lille"]
[Date "2015-05-08"]
[Round "6.41"]
[White "BILLOT, Daniel"]
[Black "TUPET, Guillaume"]
[Result "1/2-1/2"]
[WhiteElo "1745"]
[BlackElo "1931"]

1. e4 c5 2. c3 Nf6 3. e5 Nd5 4. d4 cxd4 5. cxd4 d6 6. Nf3 Nc6 7. Bc4 Nb6 8. Bb5
dxe5 9. Nxe5 Bd7 10. Nxc6 Bxc6 11. Bxc6+ bxc6 12. Nc3 g6 13. O-O Bg7 14. Be3
O-O 15. Rc1 Qd7 16. Qf3 Rac8 17. b3 Rfd8 18. Rfd1 Nd5 19. Ne4 Nf6 20. h3 Qd5
21. Nxf6+ Bxf6 22. Qxd5 cxd5 23. Kf1 Kf8 24. Ke2 Ke8 25. g4 e6 26. g5 Be7 27.
Rxc8 Rxc8 28. Rc1 Rxc1 29. Bxc1 Kd7 30. Bf4 Kc6 31. a4 Bb4 32. Kf3 Bc3 33. Be5
Kb6 34. Ke3 Ka5 35. Kd3 Kb4 36. Kc2 Be1 37. Bd6+ Ka5 38. Bc7+ Ka6 39. f3 Bh4
40. Bd8 Kb7 41. Kd3 Kc8 42. Bf6 Kd7 43. Ke3 Bg3 44. Bg7 Kc6 45. Bf6 Bd6 46. Kd3
Bf4 47. Kc3 Be3 48. Kd3 Bf4 49. Kc3 Kd6 50. Kd3 Kc6 51. Kc3 h6 52. gxh6 Bxh6
53. Be5 Bg5 54. Bg7 Be7 55. Bh6 Bh4 56. Bf4 Bf2 57. Be5 Be1+ 58. Kd3 Bb4 59.
Kc2 Be7 60. Kc3 f6 61. Bg3 a5 62. Kd3 Bb4 63. Bh4 g5 64. Bg3 Kd7 65. h4 Ke7 66.
hxg5 fxg5 67. Be5 Kf7 68. Ke2 Kg6 69. Bh8 Bd6 70. Kd3 Kf5 71. Ke3 Bf4+ 72. Kf2
Bh2 73. Bg7 Bd6 74. Bh8 Bf4 75. Bg7 Bd6 76. Bh8 {Les 3 derniers coups sont
illisibles} 1/2-1/2

*

[Event "6Ã¨me LUC open"]
[Site "Lille"]
[Date "2015-05-08"]
[Round "6.45"]
[White "VAN FOREEST, Pieter"]
[Black "POIVRE, Alain"]
[Result "1-0"]
[WhiteElo "1825"]
[BlackElo "1627"]

1. e4 e6 2. d4 d5 3. Nc3 Nf6 4. e5 Nfd7 5. f4 c5 6. Nf3 Nc6 7. Be3 cxd4 8. Nxd4
Nxd4 9. Bxd4 Be7 10. Bd3 O-O 11. O-O f5 12. exf6 Bxf6 13. Bxf6 Rxf6 14. f5 Ne5
15. fxe6 Rxf1+ 16. Qxf1 Bxe6 17. Re1 Qb6+ 18. Kh1 Ng4 19. h3 Nf2+ 20. Kh2 Rf8
21. Qe2 Bxh3 22. gxh3 Nxd3 23. Rf1 Qd6+ 24. Kh1 Rxf1+ 25. Qxf1 Nxb2 26. Qb5 d4
27. Qb3+ Kf8 28. Ne4 Qc6 29. Qb4+ Kf7 30. Qxd4 Nc4 31. Qxc4+ Qxc4 32. Nd6+ Ke6
33. Nxc4 Kd5 34. Na3 a6 35. Kg2 b5 36. c3 Kc5 37. Kf3 b4 38. cxb4+ Kxb4 39. Nb1
a5 40. Ke4 Kc4 41. Nd2+ Kc3 42. Nf3 Kb2 43. Kd3 Kxa2 44. Kc2 Ka3 45. Ng5 h6 46.
Ne6 g5 47. Kc3 a4 48. Ng7 Ka2 49. Nf5 h5 50. Ng3 g4 51. h4 a3 52. Kc2 Ka1 53.
Kc1 Ka2 54. Nxh5 Kb3 55. Kb1 Kc4 56. Ng3 Kd5 57. h5 Ke6 58. Ka2 Ke5 59. Kxa3
Kf4 60. h6 Kg5 61. h7 Kf4 62. Nf1 1-0

*

[Event "6Ã¨me LUC open"]
[Site "Lille"]
[Date "2015-05-08"]
[Round "6.46"]
[White "POISSONNIER, Jean-Louis"]
[Black "MOLLARD, Pascal"]
[Result "0-1"]
[WhiteElo "1577"]
[BlackElo "1823"]

1. e4 c5 2. Nc3 a6 3. Bc4 e6 4. Nf3 Be7 5. d4 cxd4 6. Nxd4 Qc7 7. Bd3 Nf6 8.
O-O b5 9. a3 h5 10. f3 Bb7 11. Nce2 d6 12. Be3 h4 13. c4 bxc4 14. Qa4+ Nbd7 15.
Qxc4 Qa5 16. b4 Qd8 17. Nc6 Bxc6 18. Qxc6 O-O 19. Bxa6 Ne5 20. Qa4 Nfd7 21. b5
Nc5 22. Bxc5 dxc5 23. Rfd1 Qb6 24. Kf1 c4 25. Qc2 Nd3 26. Nc1 Bf6 27. Ra2 Nxc1
28. Rxc1 c3 29. Qe2 Bd4 30. a4 e5 31. f4 Qh6 32. Rd1 Qxf4+ 33. Qf3 Qxh2 34. Bb7
Rad8 35. Bd5 Rd6 {partie illisible} 0-1

*

[Event "6Ã¨me LUC open"]
[Site "Lille"]
[Date "2015-05-08"]
[Round "6.47"]
[White "DHUYVETTER, Frederik"]
[Black "DESBOIS, Jean-Marie"]
[Result "1-0"]
[WhiteElo "1809"]
[BlackElo "1609"]

1. d4 d6 2. c4 Nf6 3. Nc3 Nbd7 4. Nf3 e5 5. e4 c6 6. Bg5 Be7 7. d5 O-O 8. Bd3
Qc7 9. O-O Re8 10. Rc1 Bf8 11. b4 a5 12. a3 g6 13. Qc2 Bg7 14. Nd2 h6 15. Bh4
g5 16. Bg3 Nh5 17. Ne2 axb4 18. axb4 Nf8 19. Nb3 Nf4 20. dxc6 bxc6 21. b5 N8e6
22. Rfd1 Nxd3 23. Qxd3 Ra3 24. Qb1 Nf4 25. Bxf4 exf4 26. Ned4 c5 27. Nc2 Ra4
28. Ne1 Bb7 29. Nd2 Rea8 30. Qd3 Ra3 31. Qe2 Ra2 32. Qf1 Qd7 33. Rc2 Rxc2 34.
Nxc2 f5 35. f3 Ra2 36. Qd3 fxe4 37. Nxe4 Bxe4 38. Qxe4 Qc7 39. Re1 Qa7 40. Qd5+
Kf8 41. Qxd6+ Kg8 42. Re8+ 1-0

*

[Event "6Ã¨me LUC open"]
[Site "Lille"]
[Date "2015-05-08"]
[Round "6.48"]
[White "DE LAGONTRIE, Jean"]
[Black "FEY, Werner"]
[Result "1-0"]
[WhiteElo "1796"]
[BlackElo "1571"]

1. c4 Nf6 2. Nc3 g6 3. d4 Bg7 4. e4 d6 5. f4 O-O 6. Nf3 c5 7. d5 Ne8 8. Bd3 Bg4
9. O-O Nd7 10. h3 Bxf3 11. Qxf3 Bd4+ 12. Kh1 Ng7 13. g4 e6 14. Nb5 Qe7 15. Nxd4
cxd4 16. Bd2 Nc5 17. b4 Nxd3 18. Qxd3 Qh4 19. Be1 Qe7 20. Qxd4 h5 21. Bc3 f6
22. f5 e5 23. Qg1 g5 24. h4 Rac8 25. c5 dxc5 26. bxc5 Qxc5 27. Qxc5 Rxc5 28.
Bb4 1-0

*

[Event "6Ã¨me LUC open"]
[Site "Lille"]
[Date "2015-05-08"]
[Round "6.49"]
[White "ALLEMAND, Christian"]
[Black "CALONNE, Pascal"]
[Result "1-0"]
[WhiteElo "1779"]
[BlackElo "1554"]

1. e4 c5 2. Nf3 e6 3. d4 cxd4 4. Nxd4 a6 5. Nc3 Nc6 6. Be3 Qc7 7. Qd2 Nf6 8.
Be2 Bb4 9. f3 h6 10. g4 d5 11. g5 hxg5 12. Bxg5 Rxh2 13. O-O-O Nxd4 14. Qxd4
Bxc3 15. bxc3 Bd7 16. e5 Rxh1 17. Rxh1 Ng8 18. Rh8 1-0

*

[Event "6Ã¨me LUC open"]
[Site "Lille"]
[Date "2015-05-08"]
[Round "6.50"]
[White "BERZIN, Serge"]
[Black "HENNE, Jean-Louis"]
[Result "0-1"]
[WhiteElo "1566"]
[BlackElo "1780"]

1. c4 d6 2. Nc3 Nf6 3. d4 Bf5 4. Nf3 g6 5. g3 Ne4 6. Bg2 c6 7. Qb3 Qc8 8. Nxe4
Bxe4 9. O-O Bg7 10. Bd2 Bxf3 11. exf3 Bxd4 12. Bc3 Bxc3 13. Qxc3 O-O 14. Rfe1
e6 15. Rad1 d5 16. f4 Nd7 17. c5 Qd8 18. b4 Rc8 19. a4 b6 20. Bf1 bxc5 21. bxc5
Rb8 22. Rb1 Qe7 23. Rxb8 Rxb8 24. Rc1 Qf6 25. Qa5 Rb2 26. Bg2 Qd4 27. Qd8+ Kg7
28. Rf1 Nxc5 29. Qd6 Nd3 30. a5 c5 31. h4 h5 32. a6 c4 33. Bh3 Rxf2 34. Kh1
Rxf1+ 35. Bxf1 Nf2+ 36. Kg2 Ng4 0-1

*